Animal Crossing - les Villageois Hippopotames [avec image] - Statistiques

Statistiques générales
  • Ce quiz a été pris 9 fois
  • Le résultat moyen est 5 sur 9
Statistiques - réponses
Par images Réponse % Correct
Bebel
67%
Bertha
67%
Biff
67%
Bob
50%
Hippo
50%
Hippy
50%
Paulito
50%
Potama
50%
Lulu
33%
Aucun quiz correspondant
Distribution des résultats
% des personnes avec chaque résultat
Percentile par nombre de réponses
Votre historique - résultats
Vous n’avez pas pris ce quiz